000 00853nam a22002055i 4500
001 178659
003 ES-MaACL
005 20230906220600.0
008 110610s1971 sp |||| | spa d
080 _a616.132
100 1 _aIriarte Ezkurdia, M. María.
_9147093
245 1 0 _aCorrelación clínico-hemodinámica en la estenosis aórtica /
_cresumen de la tesis presentada para aspirar al grado de doctor en medicina por Miguel Iriarte Ezcurdia.
260 _aBarcelona :
_bUniversidad de Barcelona, Secretariado de Publicaciones, Intercambio Científico y Extensión Universitaria :
_bIvern,
_c1971.
300 _a9 p. ;
_c24 cm.
500 _aCub. tomada como port.
504 _aBibliografía: p. 7-9.
650 0 4 _aEstenosis aórtica.
_9147094
710 2 _aUniversidad de Barcelona.
_97141
852 _aES-MaACL
_jE-15361 (66)
_xOlim P-1374
999 _c178659
_d178659